| 000 | 01509nam a2200277Ia 4500 | ||
|---|---|---|---|
| 999 |
_c47195 _d47195 |
||
| 001 | 14054 | ||
| 003 | GE_BSU | ||
| 005 | 20241030155526.0 | ||
| 008 | 181216s2014||||ge |||||||||||||| ||geo|| | ||
| 020 | _a9789941215148 | ||
| 040 | _cGE_BSU | ||
| 041 | _ageo | ||
| 080 | _a821.111-31+821.111.03=353.1 ბ-54 | ||
| 100 |
_aბერჯესი, ენტონი _922390 |
||
| 245 |
_aმექანიკური ფორთოხალი ; 99 რომანი : _b[რომანი] / _cენტონი ბერჯესი ; [მთარგმნ. : გია ჭუმბურიძე, ეკატერინე სუმბათაშვილი ; წინათქმა ზვიად დოლიძე]. |
||
| 264 |
_aთბილისი : _bპალიტრა L, _c2014. |
||
| 300 |
_a368 გვ. : _bილ. ; |
||
| 490 |
_aკიდევ 49 წიგნი, რომელიც უნდა წაიკითხო, სანამ ცოცხალი ხარ, _v 2298-0849 ; წ. 22 |
||
| 541 | _h12ლ. | ||
| 653 | _aმექანიკური ფორთოხალი | ||
| 653 | _a99 რომანი | ||
| 700 |
_aჭუმბურიძე, გ. (გია) _eმთარგმნელი _922391 |
||
| 700 |
_aსუმბათაშვილი, ე. (ეკატერინე) _eმთარგმნელი _922392 |
||
| 700 |
_a დოლიძე, ზ. (ზვიად) _eწინათქმა _923555 |
||
| 942 |
_cBK _2udc |
||